000 00367 a2200145 4500
005 20250628080840.0
020 _a0471796921
082 _a910 HAR
100 _aHARSHMAN,R.
245 _aWorld Issues: In the Global Community
260 _aNew York
_bJohn Wiley & Sons,Ltd,
_c1989
300 _axiii,368p.:ill.
_bIndex
_c23cm.
700 _aHANNEL,C.
942 _2ddc
_cBKS
999 _c5867
_d5867